| 000 | 00678nam a22002297a 4500 | ||
|---|---|---|---|
| 005 | 20170124110028.0 | ||
| 010 | _a936978 | ||
| 020 | _c25.00 | ||
| 035 | _a936978 | ||
| 037 | _bCen Lib/Ret | ||
| 040 |
_aDPL _bEN |
||
| 082 |
_a551.5720954 _bTAP |
||
| 100 |
_aTapeshwar Singh _918018 |
||
| 245 |
_aDrought prone areas in India / _cby Tapeshwar Singh |
||
| 260 |
_aNew Delhi _bPeople's Publishing House _c1978 |
||
| 270 |
_aRani Jhansi Road _bNew Delhi _e110055 |
||
| 300 |
_avii,124p. : _c21cm(Hb) _bill. |
||
| 500 | _aIncludes bibliographical references. | ||
| 650 |
_aIndia _921186 |
||
| 650 |
_aDroughts _921187 |
||
| 942 |
_2ddc _cEN _h551.5720954 _mTAP |
||
| 999 |
_c127674 _d127674 |
||